|
|
|
|
| LEADER |
00000cam a2200000 a 4500 |
| 001 |
vtls011885627 |
| 003 |
SK-MaSNL |
| 005 |
20260301101746.0 |
| 007 |
fb a un a |
| 008 |
240318s2019 xo ff 000 p slo |
| 015 |
|
|
|a SNBK2020
|
| 020 |
|
|
|a 9788018081396
|
| 040 |
|
|
|a SNK
|b slo
|c SNK
|e AACR2
|
| 041 |
0 |
|
|a slo
|
| 044 |
|
|
|a xo
|c SK
|
| 072 |
|
7 |
|a 821.162.4-1
|x Slovenská poézia
|2 konspekt
|
| 072 |
|
7 |
|a 821-93
|x Literatúra pre deti a mládež (beletria)
|2 konspekt
|
| 080 |
|
|
|a 821.162.4-1
|2 2011
|
| 080 |
|
|
|a 821-93
|2 2011
|
| 080 |
|
|
|a (0:003.24)
|2 2011
|
| 080 |
|
|
|a (0:82-1)
|2 2011
|
| 100 |
1 |
|
|a Vančová, Silvia
|4 aut
|9 167588
|
| 245 |
1 |
0 |
|a Ľúbim
|h Braillovo písmo
|c Silvia Vančová ; [korektor: Stanislava Húsková]
|
| 260 |
|
|
|a Levoča
|b Slovenská knižnica pre nevidiacich Mateja Hrebendu
|c 2019
|
| 300 |
|
|
|a 1 zv. v Braillovom písme
|c 26 x 31 cm
|
| 520 |
8 |
|
|a Veršované príbehy pre škôlkarov i mladších školákov, odrážajúce ich detský svet - ich radosti aj starosti, túžby a priania
|
| 655 |
|
7 |
|a publikácie pre nevidiacich
|2 SNKPH
|9 70695
|
| 655 |
|
7 |
|a publikácie v Braillovom písme
|2 SNKPH
|9 222610
|
| 655 |
|
7 |
|a slovenská poézia
|2 SNKPH
|9 70444
|
| 655 |
|
7 |
|a publikácie pre deti
|2 SNKPH
|9 70148
|
| 700 |
1 |
|
|a Húsková, Stanislava
|4 pfr
|9 338529
|
| 787 |
0 |
8 |
|i Podľa knihy:
|t Ľúbim
|d Liptovský Mikuláš : Silvia Vančová, 2016
|z 978-80-972484-3-7
|
| 919 |
|
|
|a 978-80-18-08139-6
|
| 958 |
|
|
|a SX
|
| 958 |
|
|
|a LX
|
| 958 |
|
|
|a DB
|
| 999 |
|
|
|c 690249
|d 692179
|
| 952 |
|
|
|a SNK
|b SNK
|y PREZ
|7 0
|p 17A1416390
|o snkOSB 19860
|i snk2020/4309
|8 0
|0 0
|1 0
|4 0
|d 2020-02-21
|l 0
|r 2026-02-23 20:25:01
|w 2026-02-23
|